Biblioteca y Centro de Documentación

Trabajo y protección social del autónomo (Registro nro. 48986)

Detalles MARC
000 -CABECERA
Longitud fija campo de control 01186nam a2200361 c 4500
001 - NÚMERO DE CONTROL
Número de control 48986
003 - IDENTIFICADOR DE NÚMERO DE CONTROL
Identificador del número de control ES-MaCES
005 - FECHA Y HORA DE LA ÚLTIMA TRANSACCIÓN
Fecha y hora de la última transacción 20170313104025.0
008 - CAMPO FIJO DE DESCRIPCIÓN FIJA--INFORMACIÓN GENERAL
Códigos de información de longitud fija   170307s2016 sp |||| 000 | spa d
017 ## - NÚMERO DE REGISTRO DE DERECHOS DE AUTOR Y DEPÓSITO LEGAL
Número de copyright o de depósito legal B 26337-2016
Agencia que asigna el número DL
020 ## - ISBN (INTERNATIONAL STANDARD BOOK NUMBER)
Número Internacional Normalizado para Libros (ISBN) 9788416652419
040 ## - FUENTE DE CATALOGACIÓN
Centro catalogador de origen ES-MaCES
Lengua de catalogación spa
Centro transcriptor ES-MaCES
100 1# - ENCABEZAMIENTO PRINCIPAL--NOMBRE PERSONAL
9 (RLIN) 6981
Nombre de persona Ballester Pastor, Inmaculada
245 10 - MENCIÓN DE TÍTULO
Título Trabajo y protección social del autónomo
Resto del título : un estudio sobre su precariedad
Mención de responsabilidad, etc. Inmaculada Ballester Pastor
260 ## - PUBLICACIÓN, DISTRIBUCIÓN, ETC (PIE DE IMPRENTA)
Lugar de publicación, distribución, etc. Barcelona
Nombre del editor, distribuidor, etc. Atelier
Fecha de publicación, distribución, etc. [2016]
300 ## - DESCRIPCIÓN FÍSICA
Extensión 174 p.
Dimensiones 24 cm
490 1# - MENCIÓN DE SERIE
Mención de serie Atelier laboral
541 ## - NOTA DE LA FUENTE INMEDIANTE DE ADQUISICIÓN
Forma de adquisición Compra
650 #4 - ASIENTO SECUNDARIO DE MATERIA--TÉRMINO DE MATERIA
Término de materia o nombre geográfico como elemento inicial trabajo a cuenta propia
9 (RLIN) 30170
650 #4 - ASIENTO SECUNDARIO DE MATERIA--TÉRMINO DE MATERIA
Término de materia o nombre geográfico como elemento inicial trabajador independiente
9 (RLIN) 28412
650 #4 - ASIENTO SECUNDARIO DE MATERIA--TÉRMINO DE MATERIA
Término de materia o nombre geográfico como elemento inicial empleo a tiempo parcial
9 (RLIN) 26772
650 #4 - ASIENTO SECUNDARIO DE MATERIA--TÉRMINO DE MATERIA
Término de materia o nombre geográfico como elemento inicial trabajador a tiempo parcial
9 (RLIN) 29815
650 #4 - ASIENTO SECUNDARIO DE MATERIA--TÉRMINO DE MATERIA
Término de materia o nombre geográfico como elemento inicial seguridad social
9 (RLIN) 27034
650 #4 - ASIENTO SECUNDARIO DE MATERIA--TÉRMINO DE MATERIA
Término de materia o nombre geográfico como elemento inicial empleo precario
9 (RLIN) 30171
650 #4 - ASIENTO SECUNDARIO DE MATERIA--TÉRMINO DE MATERIA
Término de materia o nombre geográfico como elemento inicial legislación de seguridad social
9 (RLIN) 29855
650 #4 - ASIENTO SECUNDARIO DE MATERIA--TÉRMINO DE MATERIA
Término de materia o nombre geográfico como elemento inicial derecho del trabajo
9 (RLIN) 27165
650 #4 - ASIENTO SECUNDARIO DE MATERIA--TÉRMINO DE MATERIA
Término de materia o nombre geográfico como elemento inicial España
9 (RLIN) 26964
650 #4 - ASIENTO SECUNDARIO DE MATERIA--TÉRMINO DE MATERIA
Término de materia o nombre geográfico como elemento inicial régimen jurídico
9 (RLIN) 29894
653 10 - TÉRMINO DE INDEXACIÓN--NO CONTROLADO
Término no controlado Derecho del trabajo y Seguridad Social
830 #0 - ENCABEZAMIENTO SECUNDARIO DE COLECCIÓN--TÍTULO UNIFORME
Título uniforme Atelier laboral
9 (RLIN) 34123
902 ## - CES. TIPO DE DOCUMENTO
Tipodoc (006$c Sirtex) LIB Libro
942 ## - ELEMENTOS KOHA
Fuente de clasificaión o esquema Clasificación propia del CES
Koha [por defecto] tipo de item Monografías
Parte de clasificación Derecho del Trabajo y Seguridad Social
Existencias
Número de registro Signatura completa Tipo de item de Koha
088781 SR-6.0.1.-882 Monografías
© CES, Consejo Económico y Social de España 2021